| 000 | 00846nam a2200277 4500 | ||
|---|---|---|---|
| 001 | 49277 | ||
| 003 | OSt | ||
| 005 | 20201217125634.0 | ||
| 008 | 780818s1971 dr 000 0 spa | ||
| 010 | _a | ||
| 035 | _a | ||
| 040 |
_aDO-SdBNP _bspa _c BNPHU _d |
||
| 042 | _a | ||
| 050 |
_a _b |
||
| 082 |
_a334.7293 _bL817e |
||
| 100 | 2 |
_aLockward Artiles, Andrés. _976552 |
|
| 245 | 1 | 0 |
_aEconomía y cooperativismo _b(incidencia del cooperativismo en la economía dominicana) / _cAndrés Lockward Artiles |
| 260 |
_a[Santo Domingo] _bEditora del Caribe, _c1971 |
||
| 300 |
_a179 p. ; _c23 cm. |
||
| 590 | _aInventariado, 2020/VM | ||
| 650 | 7 |
_aSociedades cooperativas _zRepública Dominicana _976723 |
|
| 650 |
_aCooperativismo _zRepública Dominicana. _96536 |
||
| 906 |
_a _b _c _du _e _f _g |
||
| 942 |
_2ddc _cLF1 |
||
| 956 | _aVMateo | ||
| 999 |
_c48765 _d48765 |
||